| 000 | 00424nam a2200157Ia 4500 | ||
|---|---|---|---|
| 005 | 20250701160028.0 | ||
| 008 | 240331s9999 xx 000 0 und d | ||
| 020 | _a9552057736 | ||
| 082 |
_bHER _a398 |
||
| 100 | _aHerath,K | ||
| 245 | 0 | _aAdyathana sinhala padya kawyehi nirupitha kanthawa | |
| 260 |
_aColombo _bS. Godage & Brothers _c2003 |
||
| 300 | _a154 p ., | ||
| 500 | _aDepicted in modern Sinhala poetry | ||
| 942 | _cL | ||
| 999 |
_c5170 _d5170 |
||